Champions Cup Winning Horse - Statistics

General Stats
  • This quiz has been taken 2 times
  • The average score is 7 of 22
Answer Stats
Answer % Correct
Gold Dream ゴールドドリーム
100%
Hokko Tarumae ホッコータルマエ
100%
Lemon Pop レモンポップ
100%
Chuwa Wizard チュウワウィザード
50%
Espoir City エスポワールシチー
50%
Jun Light Bolt ジュンライトボルト
50%
Kurofune クロフネ
50%
Nihonpiro Ours ニホンピロアワーズ
50%
Transcend トランセンド
50%
Vermilion ヴァーミリアン
50%
Alondite アロンダイト
0%
Belshazzar ベルシャザール
0%
Chrysoberyl クリソベリル
0%
Eagle Café イーグルカフェ
0%
Fletstreet Dancer フリートストリートダンサー
0%
Kane Hekili カネヒキリ
0%
Le Vent Se Leve レヴァンスレーヴ
0%
Sambista サンビスタ
0%
Sound Ture サウンドトゥルー
0%
Time Paradox タイムパラドックス
0%
T O Keynes テーオーケインズ
0%
Wing Arrow ウイングアロー
0%
No matching quizzes found
Score Distribution
Percent of People with Each Score
Percentile by Number Answered
Your Score History
You have not taken this quiz